Perfect Squares (backwards) - Statistics

General Stats
  • This quiz has been taken 237 times
  • The average score is 18 of 25
Answer Stats
x^2 x % Correct
1 1
91%
49 7
91%
4 2
86%
9 3
86%
16 4
86%
81 9
86%
36 6
82%
64 8
82%
25 5
77%
100 10
73%
144 12
73%
225 15
73%
361 19
73%
121 11
68%
196 14
68%
256 16
68%
289 17
68%
324 18
68%
441 21
68%
169 13
64%
400 20
64%
484 22
64%
625 25
55%
529 23
50%
576 24
50%
No matching quizzes found
Score Distribution
Percent of People with Each Score
Percentile by Number Answered
Your Score History
You have not taken this quiz